000 01162nji a22002777a 4500
005 2010091609169.0
006 a|||||r|||||00| 0
007 sd ammalaaahaa
008 100830t xxu||||| |||| 00| 0 eng d
028 _aECSD.2751
_bEMI
035 _aGR-02590
040 _aSED
_cSED
100 _917455
_aTulsidas
245 _aGaiye ganpati jagbandan /
_cby Tulsidas
_h[sound recording] :
246 _aगाइए गणपति जगबंदन / तुलसीदास द्वारा
260 _aDum Dum, India
_bEMI
_c1975
300 _a1 sound disc [Gramophone Recording]:
_banalog, 33 1/3 rpm
_c12.5 in. (LP)
_fGramophone Record
500 _aBrief Record
500 _aRecord labels : EMI, Red
505 _aSide-1 गाइए गणपति जगबंदन (Gaiye ganpati jagbandan) (Tulsidas) Side-2 जोगी मैं बैरागन हूँगी (Jogi main bairagan hoongi) (Meerabai)
600 _aTulsidas
_919590
650 _aHindi Film Songs
_zIndia
_91186
_xExcerpts
650 _aDevotional
_920309
942 _2ddc
_cGR
999 _c46162
_d46162